Largest Art Museums - Statistics

General Stats
  • This quiz has been taken 181 times
  • The average score is 4 of 13
Answer Stats
gallery space in m^2 museum % Correct
72,735 Louvre
93%
58,820 Metropolitan Museum of Art
65%
66,842 State Hermitage Museum
48%
25,200 National Gallery of Art
39%
25,700 British Museum
36%
43,000 Vatican Museums
24%
26,000 Art Institute of Chicago
23%
30,000 Victoria and Albert Museum
14%
65,000 National Museum of China
12%
38,000 Tokyo National Museum
8%
27,090 National Museum of Korea
6%
26,000 Nanjing Museum
2%
33,000 National Museum of Anthropology
2%
No matching quizzes found
Score Distribution
Percent of People with Each Score
Percentile by Number Answered
Your Score History
You have not taken this quiz